Be human / (Record no. 147958)

MARC details
000 -LEADER
fixed length control field 00582nam a22001937a 4500
005 - DATE AND TIME OF LATEST TRANSACTION
control field 20181228113420.0
010 ## - LCCN (DPL NO)
LC control number ENG-121846
020 ## - INTERNATIONAL STANDARD BOOK NUMBER
International Standard Book Number 9788192311906
Terms of availability 395.00
035 ## - SYSTEM CONTROL NUMBER
System control number EN-105378
037 ## - SOURCE OF ACQUISITION
Source of stock number/acquisition DBAD/PUB
082 ## - DEWEY DECIMAL CLASSIFICATION NUMBER
Classification number 362.7
100 ## - MAIN ENTRY--PERSONAL NAME
Personal name Mohan, V Vishwa
245 ## - TITLE STATEMENT
Title Be human /
Statement of responsibility, etc by V Vishwa Mohan
260 ## - PUBLICATION, DISTRIBUTION, ETC. (IMPRINT)
Place of publication, distribution, etc Hyderabad
Name of publisher, distributor, etc Vangari Vishwa Mohan
Date of publication, distribution, etc 2013
270 ## - ADDRESS
Address 8-43/5/35, Balaji Hills(West)Boduppal
City Uppal,Hyderabad
Postal code 500039
300 ## - PHYSICAL DESCRIPTION
Extent xiv,253p.
Dimensions 22cm(pbk)
500 ## - GENERAL NOTE
General note Includes bibliographical references
942 ## - ADDED ENTRY ELEMENTS (KOHA)
Source of classification or shelving scheme Dewey Decimal Classification
Item type English Books
Classification part 362.7
Call number suffix VIS
Holdings
Withdrawn status Lost status Not for loan Collection code Home library Current library Date acquired Source of acquisition Cost, normal purchase price Full call number Barcode Copy number Cost, replacement price Koha item type
    Not For Loan Non-fiction D.B.Act.Division Bawana 12/12/2017 DBAD/PUB 395.00 362.7 VIS EN-105378 1 395.00 English Books

© Delhi Public Library
Hit Counter
free hit counter